000 00779nam a2200229Ia 4500
001 4964
003 GE_BSU
008 181216s||||||||xx |||||||||||||| ||und||
040 _cGE_BSU
080 _a51(072)
100 _aБрадис, В.М.
245 _aМетодика преподавания математики в средней школе.
245 _bучеб пособие для подготовить. ин-тов и гос. ун-тов.
245 _cПод ред. А.И. Маркушевича.
250 _a3-е изд.
260 _aМосква
260 _bУчпедгиз
260 _c1954
300 _a503 с. 22 см.
653 _aМетодика преподавания математики в средней школе.
942 _cBK
999 _c38700
_d38700